Normal görünüm MARC görünümü

Giriş Personal Name

Kullanılan kayıt sayısı: 1

001 - CONTROL NUMBER

  • control field: 3069

003 - CONTROL NUMBER IDENTIFIER

  • control field: TR-AnABB

005 - DATE AND TIME OF LATEST TRANSACTION

  • control field: 20260323101043.0

008 - FIXED-LENGTH DATA ELEMENTS

  • fixed length control field: 260323|| aca||aabn | a|a d

040 ## - CATALOGING SOURCE

  • Original cataloging agency: TR-AnABB
  • Transcribing agency: TR-AnABB

100 ## - HEADING--PERSONAL NAME

  • Personal name: Şenerdi, Meral Çiyan

670 ## - SOURCE DATA FOUND

  • Source citation: Koha: (TR-AnABB)9989: Wiesner-Hanks, Merry E. 3068, Tarihte toplumsal cinsiyet /, 2024